[Event "Moscow op-B"]
[Site "Moscow"]
[Date "2010.02.07"]
[Round "9.27"]
[White "Cherepanov, Vladislav"]
[Black "Arkhipov, Vladimir V"]
[Result "0-1"]
[WhiteElo "2229"]
[BlackElo "2062"]
[PlyCount "84"]
[EventDate "2010.01.30"]
[EventType "swiss"]
[EventRounds "9"]
[EventCountry "RUS"]
[SourceTitle "EXT 2023"]
[Source "ChessBase"]
[SourceDate "2022.10.05"]
[SourceVersion "1"]
[SourceVersionDate "2022.10.05"]
[SourceQuality "1"]

1. d4 c6 2. c4 d5 3. Nc3 Nf6 4. Nf3 a6 5. e3 g6 6. Be2 Bg7 7. 0-0 0-0 8. b3 Nbd7 9. a4 Ne4 10. Bb2 Nxc3 11. Bxc3 Nf6 12. Rc1 Ne4 13. Bb4 a5 14. Ba3 Be6 15. Ne1 f5 16. Nd3 g5 17. Qc2 Rf6 18. Nc5 Nxc5 19. dxc5 Rh6 20. Bb2 Qc7 21. g3 Bxb2 22. Qxb2 f4 23. exf4 gxf4 24. Rfe1 Rf8 25. Bf1 Qd7 26. Re5 Rf5 27. Rxf5 Bxf5 28. cxd5 cxd5 29. Qd2 e5 30. Bg2 d4 31. Qxa5 e4 32. Qb5 f3 33. Bf1 e3 34. c6 Rxc6 35. Rxc6 bxc6 36. Bc4+ Kf8 37. Qc5+ Kg7 38. Qe5+ Kg6 39. fxe3 d3 40. e4 Bh3 41. Kf2 d2 42. Bf7+ Qxf7 0-1

[Event "RUS-ch Seniors"]
[Site "Odintsovo"]
[Date "2008.10.02"]
[Round "1"]
[White "Arkhipov, Vladimir V"]
[Black "Mishuchkov, Nikolai Mikhailovic"]
[Result "0-1"]
[WhiteElo "2139"]
[BlackElo "2359"]
[PlyCount "56"]
[EventDate "2008.10.02"]
[EventType "swiss"]
[EventRounds "9"]
[EventCountry "RUS"]
[SourceTitle "CBM 127 Extra"]
[Source "ChessBase"]
[SourceDate "2009.01.08"]
[SourceVersion "2"]
[SourceVersionDate "2009.01.28"]
[SourceQuality "1"]

1. c4 Nf6 2. d4 g6 3. Nc3 d5 4. Nf3 Bg7 5. Bg5 Ne4 6. e3 Nxg5 7. Nxg5 0-0 8. Nf3 dxc4 9. Bxc4 c5 10. d5 Qa5 11. Qb3 a6 12. 0-0 b5 13. Be2 c4 14. Qc2 Bb7 15. e4 Nd7 16. Rfd1 Rac8 17. Bf1 Rfd8 18. a3 Nc5 19. Rab1 e6 20. dxe6 fxe6 21. Rxd8+ Rxd8 22. Rd1 Rxd1 23. Qxd1 Qc7 24. Nd2 Bxc3 25. bxc3 Nxe4 26. Nxe4 Bxe4 27. Qd4 Bd5 28. Be2 Qd6 0-1